000 00668nam a22002057a 4500
001 19130
003 BD-RjUL
005 20211209000405.0
008 140223s1974 ru a|||| |||| 00| 0 eng d
035 _a(BD-RjUL)19188
040 _aBD-RjUL
_beng
_cBD-RjUL
_dBD-RjUL
041 _aeng
082 0 4 _a891.713
_bPUS 1974
100 1 _a Pushkin, Alexander
_958935
245 1 _aSelected works in two volumes /
_cby Alexander Pushkin
_n Volume two
_pProse works.
260 _aMoscow :
_b Progress Publishers,
_c1974
300 _a 234 p. :
_billus. ;
_c21 cm
650 0 _aPushkin, Aleksandr Sergeevich, -- -- Translations into English.
_y1799-1837
_958936
942 _2ddc
_cBK
999 _c19130
_d19130